[Event "Titled Tuesday intern op 04th Feb Late"]
[Site "Chess.com INT"]
[Date "2025.02.04"]
[Round "8"]
[White "Raczek, Krzysztof"]
[Black "Vachier Lagrave, Maxime"]
[Result "1-0"]
[WhiteElo "2428"]
[BlackElo "2729"]
[PlyCount "87"]
[EventDate "2025.02.04"]
[EventType "swiss (blitz)"]
[EventRounds "11"]
[EventCountry "USA"]
[SourceTitle "CB07_2025"]
[SourceDate "2025.02.12"]
[SourceVersion "1"]
[SourceVersionDate "2025.02.12"]
[SourceQuality "1"]

1. Nf3 c5 2. e4 Nc6 3. Nc3 g6 4. d4 cxd4 5. Nxd4 Bg7 6. Be3 Nf6 7. Bc4 0-0 8. 0-0 Nxe4 9. Nxe4 d5 10. Nxc6 bxc6 11. Bd3 dxe4 12. Bxe4 Ba6 13. Qxd8 Rfxd8 14. Rfb1 Bd4 15. Bxd4 Rxd4 16. Bxc6 Rc8 17. c3 Rd2 18. Bf3 e5 19. Re1 f6 20. Rab1 Rb8 21. b4 Bb7 22. Re2 Rd3 23. Bxb7 Rxb7 24. Rc2 Kf7 25. Kf1 Ke6 26. Ke2 Rbd7 27. a4 e4 28. b5 f5 29. a5 f4 30. b6 f3+ 31. gxf3 exf3+ 32. Ke1 axb6 33. axb6 Rb7 34. c4 Kd6 35. Rd2 Rxd2 36. Kxd2 Kc5 37. Ke3 Kxc4 38. Kxf3 Kc5 39. Kg4 h6 40. h4 Rxb6 41. Rxb6 Kxb6 42. h5 gxh5+ 43. Kxh5 Kc5 44. Kxh6 1-0

[Event "SVK-chT 2425"]
[Site "Slovakia"]
[Date "2025.01.19"]
[Round "4.5"]
[White "Hujbert, Florian"]
[Black "Raczek, Krzysztof"]
[Result "1/2-1/2"]
[WhiteElo "2413"]
[BlackElo "2443"]
[PlyCount "103"]
[EventDate "2024.11.23"]
[EventType "team-tourn"]
[EventRounds "11"]
[EventCountry "SVK"]
[SourceTitle "CB14_2025"]
[SourceDate "2024.11.01"]
[SourceVersion "1"]
[SourceVersionDate "2024.11.01"]
[SourceQuality "1"]
[WhiteTeam "Cebovce"]
[BlackTeam "Modra"]
[WhiteTeamCountry "SVK"]
[BlackTeamCountry "SVK"]

1. Nf3 d5 2. d4 Nf6 3. c3 e6 4. Bf4 c5 5. e3 Nc6 6. Nbd2 cxd4 7. exd4 Nh5 8. Be3 Bd6 9. g3 Nf6 10. h3 0-0 11. Bg2 b6 12. Qb1 Qc7 13. 0-0 Bb7 14. Re1 Rfe8 15. Nh2 Na5 16. Ng4 Nd7 17. f4 Nc4 18. Nf3 f5 19. Nf2 Nf6 20. Ne5 Nxe3 21. Rxe3 Ne4 22. Nfd3 b5 23. Qe1 a5 24. Rc1 Rec8 25. a3 Qe7 26. Re2 b4 27. axb4 axb4 28. Nxb4 Bxb4 29. cxb4 Rxc1 30. Qxc1 Qxb4 31. Bxe4 dxe4 32. Qe3 Rd8 33. Rd2 Bd5 34. Qc3 Rb8 35. Kf2 Qb7 36. Rc2 Bb3 37. Rc1 Bd5 38. Rc2 h6 39. h4 Bb3 40. Rc1 Bd5 41. Rc2 Kh7 42. h5 Bb3 43. Rc1 Ba4 44. Ng6 e3+ 45. Qxe3 Qd5 46. Qc3 Rb3 47. Qxb3 Bxb3 48. Rc8 Qxd4+ 49. Kg2 Qe4+ 50. Kf2 Qd4+ 51. Kg2 Qe4+ 52. Kf2 1/2-1/2

[Event "SVK-chT 2425"]
[Site "Slovakia"]
[Date "2025.01.18"]
[Round "3.5"]
[White "Raczek, Krzysztof"]
[Black "Borosova, Zuzana"]
[Result "1-0"]
[WhiteElo "2443"]
[BlackElo "2174"]
[PlyCount "91"]
[EventDate "2024.11.23"]
[EventType "team-tourn"]
[EventRounds "11"]
[EventCountry "SVK"]
[SourceTitle "CB14_2025"]
[SourceDate "2024.11.01"]
[SourceVersion "1"]
[SourceVersionDate "2024.11.01"]
[SourceQuality "1"]
[WhiteTeam "Modra"]
[BlackTeam "Komarno"]
[WhiteTeamCountry "SVK"]
[BlackTeamCountry "SVK"]

1. e4 c5 2. Nf3 d6 3. d4 cxd4 4. Nxd4 Nf6 5. Nc3 a6 6. Be3 e5 7. Nf3 Be7 8. Bc4 0-0 9. 0-0 Be6 10. Bb3 Bxb3 11. axb3 Nbd7 12. Bg5 Rc8 13. Re1 Ne8 14. Bxe7 Qxe7 15. Nd2 Nb6 16. Nf1 Qe6 17. Ne3 Nf6 18. Qf3 Rfd8 19. Red1 Rd7 20. Rd2 Rcd8 21. Ra5 g6 22. h4 h5 23. Ncd5 Nbxd5 24. Nxd5 Kg7 25. c4 Nxd5 26. Raxd5 Qg4 27. Qxg4 hxg4 28. c5 Kf6 29. Rxd6+ Rxd6 30. Rxd6+ Rxd6 31. cxd6 Ke6 32. Kh2 Kxd6 33. Kg3 Kc5 34. Kxg4 Kb4 35. Kf3 Kxb3 36. g4 Kxb2 37. h5 gxh5 38. gxh5 a5 39. h6 a4 40. h7 a3 41. h8Q a2 42. Qxe5+ Kb1 43. Qb5+ Kc2 44. Qa4+ Kb2 45. Qb4+ Kc2 46. Qa3 1-0

[Event "Rilton Cup 52nd"]
[Site "Stockholm"]
[Date "2025.01.03"]
[Round "7"]
[White "Gkavardinas, Antonios"]
[Black "Raczek, Krzysztof"]
[Result "0-1"]
[WhiteElo "2208"]
[BlackElo "2443"]
[PlyCount "182"]
[EventDate "2024.12.27"]
[EventType "swiss"]
[EventRounds "9"]
[EventCountry "SWE"]
[SourceTitle "CB02_2025"]
[SourceDate "2025.01.08"]
[SourceVersion "1"]
[SourceVersionDate "2025.01.08"]
[SourceQuality "1"]

1. e4 e5 2. Nf3 Nc6 3. Bc4 Bc5 4. d3 h6 5. 0-0 d6 6. c3 Bb6 7. a4 Nge7 8. d4 exd4 9. Nxd4 0-0 10. Be3 Bxd4 11. Bxd4 Be6 12. Bxe6 fxe6 13. Be3 Kh8 14. Nd2 e5 15. Qg4 Qe8 16. Rfd1 Ng8 17. Nf1 Nf6 18. Qh4 Na5 19. f3 Ng8 20. b4 Nc4 21. Qf2 Qe6 22. a5 Nf6 23. Qe2 b5 24. Nd2 Nxe3 25. Qxe3 Nh5 26. Qd3 Rab8 27. Nf1 Nf4 28. Qd2 Rf7 29. Ne3 Rbf8 30. Rac1 h5 31. Qf2 Qh6 32. Kh1 Qg5 33. Qg3 Qd8 34. Rd2 Rf6 35. Qh4 Qe8 36. Nd5 Nxd5 37. Rxd5 Rf4 38. Qe1 g5 39. Qe3 g4 40. Rf1 gxf3 41. Rxf3 Qg6 42. Rd1 a6 43. Rdf1 Rg8 44. Qd2 Qxe4 45. Rxf4 exf4 46. h3 Rg3 47. Kh2 Re3 48. Rf2 Qe5 49. Rf3 Rxf3 50. gxf3 Kg7 51. Qg2+ Kf7 52. Qa2+ Kf8 53. h4 Ke7 54. Qc2 Kd8 55. Qd2 Kc8 56. Qd3 Kb8 57. Qd2 Kb7 58. Qd3 Kc6 59. c4 bxc4 60. Qxc4+ Kb7 61. Qd3 Ka7 62. Qc4 Kb7 63. Qd3 Qf6 64. Qd5+ Kb8 65. Qxh5 Qd4 66. Qe8+ Ka7 67. Qe2 Qxb4 68. Qa2 Qe1 69. Qc2 Qxh4+ 70. Kg1 Qg3+ 71. Kh1 Qxf3+ 72. Kg1 Qe3+ 73. Kh1 Qe1+ 74. Kg2 Qxa5 75. Qf2+ Qc5 76. Qxf4 a5 77. Kf1 Qb5+ 78. Kg2 a4 79. Qd4+ Kb7 80. Qe3 Qc5 81. Qd3 d5 82. Qd2 Qb5 83. Qc3 Qb3 84. Qc5 a3 85. Kh2 a2 86. Qd4 Qc4 87. Qb2+ Ka6 88. Qa3+ Kb5 89. Qb2+ Ka4 90. Kg1 c5 91. Kh2 d4 0-1

[Event "Sitges Sunway op-A 11th"]
[Site "Sitges"]
[Date "2024.12.21"]
[Round "9"]
[White "Song, Edward"]
[Black "Raczek, Krzysztof"]
[Result "1/2-1/2"]
[WhiteElo "2363"]
[BlackElo "2443"]
[PlyCount "134"]
[EventDate "2024.12.12"]
[EventType "swiss"]
[EventRounds "10"]
[EventCountry "ESP"]
[SourceTitle "CB52_2024"]
[SourceDate "2024.12.25"]
[SourceVersion "1"]
[SourceVersionDate "2024.12.25"]
[SourceQuality "1"]

1. e4 c6 2. d4 d5 3. Nc3 dxe4 4. Nxe4 Nf6 5. Nxf6+ exf6 6. c3 Bd6 7. Bd3 0-0 8. Qc2 c5 9. Ne2 g6 10. Be3 Qc7 11. dxc5 Bxc5 12. Bxc5 Qxc5 13. 0-0 Nc6 14. Rad1 Rd8 15. Be4 Be6 16. b3 a5 17. Nf4 Bg4 18. Rd5 Rxd5 19. Nxd5 Kg7 20. h3 Bf5 21. Bxf5 Qxd5 22. Be4 Qe5 23. Bxc6 bxc6 24. Qd2 Re8 25. Rd1 Qf5 26. b4 axb4 27. cxb4 Ra8 28. Qb2 Qe5 29. Qb3 Qe6 30. Qxe6 fxe6 31. Rd7+ Kh6 32. Rd6 Rxa2 33. Rxe6 Rb2 34. Rxf6 Rxb4 35. Rxc6 Rb7 36. Rc5 Kg7 37. g4 h6 38. Kg2 g5 39. h4 Kg6 40. h5+ Kg7 41. Re5 Rb3 42. Re7+ Kg8 43. Re3 Rb4 44. Kf3 Rf4+ 45. Kg3 Rb4 46. Rd3 Ra4 47. Rd2 Kg7 48. f3 Ra7 49. Kf2 Re7 50. Rd4 Kf6 51. Re4 Ra7 52. Re8 Kf7 53. Rd8 Re7 54. Rd3 Kf6 55. Rc3 Kf7 56. Re3 Ra7 57. Ke2 Ra2+ 58. Kd3 Ra3+ 59. Ke4 Ra4+ 60. Kd5 Ra5+ 61. Kd6 Ra6+ 62. Kc5 Ra5+ 63. Kb6 Ra1 64. Re5 Ra3 65. Rf5+ Kg7 66. Kb5 Rc3 67. Kb4 Re3 1/2-1/2

[Event "Sitges Sunway op-A 11th"]
[Site "Sitges"]
[Date "2024.12.19"]
[Round "7"]
[White "Moussard, Jules"]
[Black "Raczek, Krzysztof"]
[Result "1-0"]
[WhiteElo "2600"]
[BlackElo "2443"]
[PlyCount "79"]
[EventDate "2024.12.12"]
[EventType "swiss"]
[EventRounds "10"]
[EventCountry "ESP"]
[SourceTitle "CB52_2024"]
[SourceDate "2024.12.25"]
[SourceVersion "1"]
[SourceVersionDate "2024.12.25"]
[SourceQuality "1"]

1. e4 c6 2. d4 d5 3. e5 Bf5 4. Nf3 e6 5. Be2 Ne7 6. 0-0 Nd7 7. c3 h6 8. Na3 Bh7 9. Nc2 c5 10. dxc5 Nxc5 11. Ncd4 a6 12. Be3 Rc8 13. Rc1 g5 14. c4 dxc4 15. Bxc4 Bg7 16. b4 Ne4 17. Qb3 0-0 18. Nxe6 fxe6 19. Bxe6+ Kh8 20. Bxc8 Nxc8 21. Nd4 Nd2 22. Bxd2 Qxd4 23. Bc3 Qb6 24. e6 Ne7 25. Bxg7+ Kxg7 26. Qc3+ Rf6 27. Rcd1 Bf5 28. Rd7 Qxe6 29. Rxb7 Kg6 30. Re1 Be4 31. Qe3 Bxb7 32. Qxe6 Rxe6 33. Rxe6+ Kf7 34. Rxh6 Bc6 35. f3 Bb5 36. a4 Bc4 37. Rd6 Nd5 38. b5 axb5 39. axb5 Ke7 40. Rc6 1-0